1403 1876 1656 1111 1585 1858 1065 1307 1963 1327 1683 1504 1276 1752 1566 1674 1458 1587 1690 1283 1415 1857 1955 1675 1702 1231 1410 1732 1293 1538 1440 1829 1761 1012 1113 1726 1437 1009 1746 1309 1686 1833 1275 1782 1048 1428 1532 1388 1673 1743 1697 1314 1051 1526 1006 1246 1376 1788 1644 1219 1889 1182 1906 1713 1971 1364 1926 1802 1001 1775 1163 1701 1099 1190 1057 1436 1058 1367 1187 1542 1536 1826 1584 1438 1956 1595 1233 1659 1784 1076 1259 1789 1129 1281 1236 1475 1729 1234 1928 BCNSPRNW ULIB Ver.6.0+V

เปลี่ยนเป็นภาษาไทย

Change to English
 แสดงรายละเอียดบรรณานุกรม
  กลับหน้าหลัก

Brief Record : Get Marc (ISO 2709) : E-mail record : QR code < ปิดหน้าต่าง
LEADER : 00000nam 2200000uu 4500
001    13399126231
003     ULIB
008    180824s2560||||th 000 0 tha d
020    ^a9786163981776
060 04 ^aWW140^bร924
110 1  ^aมหาวิทยาลัยเชียงใหม่. ^bคณะแพทยศาสตร์. ^bภาควิชาจักษุวิทยา
245 00 ^aโรคตาที่พบบ่อยในเวชปฏิบัติ :^bฉบับปรับปรุง พ.ศ. 2556 /^cบรรณาธิการ,สมสงวน อัษญคุณ ... [และคนอื่นๆ]
250    ^aพิมพ์ครั้งที่ 3(ฉบับปรับปรุง พ.ศ. 2560)
260    ^aเชียงใหม่ :^bภาควิชาจักษุวิทยา คณะแพทยศาสตร์ มหาวิทยาลัยเชียงใหม่,^c2560
300    ^axviii, 340 หน้า :^bภาพประกอบสี ;^c27 ซม.
650  4 ^aตา, โรค
650  4 ^aจักษุวิทยา
700 0  ^aสมสงวน อัษญคุณ,^eบรรณาธิการ
700 0  ^aประภัสสร ผาติกุลศิลา,^eบรรณาธิการ
700 0  ^aนภาพร ตนานุวัฒน์,^eบรรณาธิการ
700 0  ^aดิเรก ผาติกุลศิลา,^eบรรณาธิการ
700 0  ^aเกษรา พัฒนพิฑูรย์,^eบรรณาธิการ
945    ^p900^l0^i004298
945    ^p900^l0^i004297
945    ^p900^l0^i004299
999    ^aประนอม เกษจรัล
รายการนี้ยังไม่มีแท็ก
คุณยังไม่ได้ล็อกอิน คุณสามารถมีกิจกรรมร่วมกับเว็บไซต์ได้ แต่ต้องล็อกอินก่อน ::
  ล็อกอิน

รายการสื่อสารสนเทศ

ลำดับที่ ประเภท เลขเรียก/บาร์โค้ด สถานที่ สถานะ
1. วิทยาศาสตร์การแพทย์ และสุขภาพ
หนังสือสำรอง
สถานะ=หนังสือสำรอง
WW140 ร924 ฉ.1 
  Barcode: 004297
ห้องสมุดวิทยาเขตสวรรค์ประชารักษ์
►หนังสือทั่วไป
บนชั้น
2. วิทยาศาสตร์การแพทย์ และสุขภาพ
วิทยาศาสตร์การแพทย์ และสุขภาพ
WW140 ร924 ฉ.2 
  Barcode: 004298
ห้องสมุดวิทยาเขตสวรรค์ประชารักษ์
►หนังสือทั่วไป
บนชั้น
3. วิทยาศาสตร์การแพทย์ และสุขภาพ
วิทยาศาสตร์การแพทย์ และสุขภาพ
WW140 ร924 ฉ.3 
  Barcode: 004299
ห้องสมุดวิทยาเขตสวรรค์ประชารักษ์
►หนังสือทั่วไป
บนชั้น

รายการใกล้เคียง
    หัวเรื่อง [ตา, โรค]
    หัวเรื่อง [จักษุวิทยา]

BibComment


ยังไม่เคยถูกคอมเมนท์

คอมเมนท์ทรัพยากรรายการนี้
  คอมเมนท์: โรคตาที่พบบ่อยใน..


 Copyright 2026. Bcnsprnw @Library